Оценка цитотоксичности аскорбиновой кислоты на опухолевых клетках in vitro; Химия и химическая технология в XXI веке; Т. 2

Bibliographic Details
Parent link:Химия и химическая технология в XXI веке: материалы XXIII Международной научно-практической конференции студентов и молодых ученых имени выдающихся химиков Л. П. Кулёва и Н. М. Кижнера, Томск, 16-19 мая 2022 г./ Национальный исследовательский Томский политехнический университет (ТПУ); Инженерная школа природных ресурсов; Инженерная школа новых производственных технологий; Исследовательская школа химических и биомедицинских технологий..— , 2022
Т. 2.— 2022.— [С. 325-326]
Corporate Authors: Национальный исследовательский Томский политехнический университет Исследовательская школа химических и биомедицинских технологий Научно-исследовательский центр "Онкотераностика", Национальный исследовательский Томский политехнический университет Исследовательская школа химических и биомедицинских технологий
Other Authors: Ложанова Н. В. (научный руководитель), Патрушева М. В., Фоминых А. С. Анастасия Сергеевна, Третьякова М. С. Мария Сергеевна, Плотников Е. В. Евгений Владимирович
Summary:Заглавие с титульного экрана
Language:Russian
Published: 2022
Series:Химия и химическая технология (для школьников)
Subjects:
Online Access:http://earchive.tpu.ru/handle/11683/72542
Format: Electronic Book Chapter
KOHA link:https://koha.lib.tpu.ru/cgi-bin/koha/opac-detail.pl?biblionumber=634591

MARC

LEADER 00000naa2a2200000 4500
001 634591
005 20250306113128.0
035 |a (RuTPU)RU\TPU\conf\36409 
035 |a RU\TPU\conf\36404 
090 |a 634591 
100 |a 20220629d2022 k y0rusy50 ca 
101 0 |a rus 
102 |a RU 
105 |a y z 101zy 
135 |a drcn ---uucaa 
181 0 |a i  
182 0 |a b 
200 1 |a Оценка цитотоксичности аскорбиновой кислоты на опухолевых клетках in vitro  |f Н. В. Ложанова, М. В. Патрушева, А. С. Фоминых, М. С. Третьякова  |g науч. рук. Е. В. Плотников 
203 |a Текст  |c электронный 
225 1 |a Химия и химическая технология (для школьников) 
300 |a Заглавие с титульного экрана 
320 |a [Библиогр.: с. 326 (2 назв.)] 
461 1 |0 (RuTPU)RU\TPU\conf\36040  |t Химия и химическая технология в XXI веке  |o материалы XXIII Международной научно-практической конференции студентов и молодых ученых имени выдающихся химиков Л. П. Кулёва и Н. М. Кижнера, Томск, 16-19 мая 2022 г.  |o в 2 т.  |f Национальный исследовательский Томский политехнический университет (ТПУ); Инженерная школа природных ресурсов; Инженерная школа новых производственных технологий; Исследовательская школа химических и биомедицинских технологий.  |d 2022 
463 1 |0 (RuTPU)RU\TPU\conf\36042  |t Т. 2  |v [С. 325-326]  |d 2022 
610 1 |a труды учёных ТПУ 
610 1 |a электронный ресурс 
610 1 |a цитотоксичность 
610 1 |a аскорбиновая кислота 
610 1 |a опухолевые клетки 
610 1 |a свободные радикалы 
610 1 |a антиоксидантная система 
701 1 |a Ложанова  |b Н. В. 
701 1 |a Патрушева  |b М. В. 
701 1 |a Фоминых  |b А. С.  |g Анастасия Сергеевна  |f 1998-  |c химик  |c инженер Томского политехнического университета  |y Томск  |9 88792 
701 1 |a Третьякова  |b М. С.  |c специалист в области медицинских технологий  |c инженер-исследователь Томского политехнического университета  |f 1994-  |g Мария Сергеевна  |3 (RuTPU)RU\TPU\pers\46461 
702 1 |a Плотников  |b Е. В.  |c химик  |c доцент Томского политехнического университета, кандидат химических наук  |f 1983-  |g Евгений Владимирович  |4 727 
712 0 2 |a Национальный исследовательский Томский политехнический университет  |b Исследовательская школа химических и биомедицинских технологий  |b Научно-исследовательский центр "Онкотераностика"  |3 (RuTPU)RU\TPU\col\27561 
712 0 2 |a Национальный исследовательский Томский политехнический университет  |b Исследовательская школа химических и биомедицинских технологий  |c (2017- )  |3 (RuTPU)RU\TPU\col\23537 
801 2 |a RU  |b 63413507  |c 20220704  |g RCR 
856 4 |u http://earchive.tpu.ru/handle/11683/72542 
942 |c BK